[Event "FIDE World Rapid-ch Open 2018"]
[White "Tang, Andrew"]
[Black "Kovalev, Vladislav"]
[Site "St. Petersburg"]
[Round "9.46"]
[Annotator "ChessBase"]
[Result "1-0"]
[Date "2018.12.27"]
[WhiteElo "2487"]
[BlackElo "2683"]
[PlyCount "157"]
[TimeControl "900+10"]

1. d4 {[%emt 0:0:0]} Nf6 {[%emt 0:3:29]} 2. c4 {[%emt 0:0:0]} g6 {[%emt 0:0:0]} 3. f3 {[%emt 0:0:0]} Bg7 {[%emt 0:0:1]} 4. e4 {[%emt 0:0:0]} d6 {[%emt 0:0:1]
} 5. Nc3 {[%emt 0:0:1]} 0-0 {[%emt 0:0:1]} 6. Nge2 {[%emt 0:0:0]} c5 {[%emt 0:0:4]} 7. d5 {[%emt 0:0:1]} e6 {[%emt 0:0:0]} 8. Ng3 {[%emt 0:0:2]
} exd5 {[%emt 0:0:2]} 9. cxd5 {[%emt 0:0:1]} a6 {[%emt 0:0:0]} 10. a4 {[%emt 0:0:2]} h5 {[%emt 0:0:7]} 11. Bg5 {[%emt 0:0:2]} Nbd7 {[%emt 0:0:2]} 12. Be2 {[%emt 0:0:3]} Qb6 {[%emt 0:0:25]} 13. Qd2 {[%emt 0:0:5]
} Nh7 {[%emt 0:0:12]} 14. a5 {[%emt 0:0:1]} Qc7 {[%emt 0:0:0]} 15. Bh6 {[%emt 0:0:2]} h4 {[%emt 0:0:12]} 16. Bxg7 {[%emt 0:0:5]} Kxg7 {[%emt 0:0:1]} 17. Nf1 {[%emt 0:0:2]} Qd8 {[%emt 0:1:11]} 18. Ne3 {[%emt 0:0:59]
} f5 {[%emt 0:0:4]} 19. exf5 {[%emt 0:0:31]} gxf5 {[%emt 0:0:0]} 20. Nc4 {[%emt 0:1:14]} Qf6 {[%emt 0:0:8]} 21. Qf4 {[%emt 0:0:30]} Ne5 {[%emt 0:0:24]} 22. Nxe5 {[%emt 0:0:6]} dxe5 {[%emt 0:0:1]} 23. Qc4 {[%emt 0:0:7]
} Bd7 {[%emt 0:0:53]} 24. Qxc5 {[%emt 0:1:15]} Rfc8 {[%emt 0:0:0]} 25. Qb4 {[%emt 0:0:11]} Rab8 {[%emt 0:0:4]} 26. 0-0 {[%emt 0:1:20]} Nf8 {[%emt 0:0:15]} 27. f4 {[%emt 0:1:27]} e4 {[%emt 0:0:12]} 28. Rad1 {[%emt 0:0:50]
} b6 {[%emt 0:2:49]} 29. d6 {[%emt 0:4:34]} bxa5 {[%emt 0:0:0]} 30. Qa3 {[%emt 0:0:1]} a4 {[%emt 0:2:30]} 31. Nxa4 {[%emt 0:2:41]} Rc2 {[%emt 0:0:8]} 32. Rfe1 {[%emt 0:1:6]} Ne6 {[%emt 0:0:47]} 33. g3 {[%emt 0:1:45]
} Nd4 {[%emt 0:1:33]} 34. Nc3 {[%emt 0:0:46]} Rbxb2 {[%emt 0:0:0]} 35. Nd5 {[%emt 0:0:39]} Rxe2 {[%emt 0:0:27]} 36. Rxe2 {[%emt 0:0:9]
} Nf3+ {[%emt 0:2:4]} 37. Kf1 {[%emt 0:0:4]} Bb5 {[%emt 0:0:21]} 38. Nxf6 {[%emt 0:0:2]} Rxe2 {[%emt 0:0:3]} 39. Rd5 Nxh2+ {[%emt 0:0:26]} 40. Kg1 {[%emt 0:0:30]
} Nf3+ {[%emt 0:0:1]} 41. Kf1 {[%emt 0:0:1]} hxg3 {[%emt 0:0:0]} 42. Nh5+ {[%emt 0:0:1]} Kg6 {[%emt 0:0:4]} 43. Nxg3 {[%emt 0:0:1]
} Ra2+ {[%emt 0:0:16]} 44. Rxb5 {[%emt 0:0:1]} Rxa3 {[%emt 0:0:0]} 45. Rd5 {[%emt 0:0:18]} Nh2+ {[%emt 0:0:20]} 46. Ke2 {[%emt 0:0:13]} Ra2+ {[%emt 0:0:0]} 47. Kd1 {[%emt 0:0:1]} Ng4 {[%emt 0:0:14]} 48. d7 {[%emt 0:0:9]} Ne3+ {[%emt 0:0:8]} 49. Kc1 {[%emt 0:0:2]} Nxd5 {[%emt 0:0:1]} 50. d8=Q {[%emt 0:0:1]
} Nf6 {[%emt 0:0:12]} 51. Qc8 {[%emt 0:0:38]} Ra5 {[%emt 0:0:0]} 52. Qe6 {[%emt 0:0:14]} Rc5+ {[%emt 0:0:12]} 53. Kd2 {[%emt 0:0:11]} a5 {[%emt 0:0:2]} 54. Ne2 {[%emt 0:0:22]} a4 {[%emt 0:0:23]} 55. Nc3 {[%emt 0:0:0]} a3 {[%emt 0:0:14]} 56. Qb3 {[%emt 0:0:25]} Ra5 {[%emt 0:0:12]} 57. Ke2 {[%emt 0:0:15]} Ra8 {[%emt 0:0:12]} 58. Qb7 {[%emt 0:0:8]} Rh8 {[%emt 0:0:5]
} 59. Qa6 {[%emt 0:0:6]} Rh2+ {[%emt 0:0:3]} 60. Kf1 {[%emt 0:0:9]
} Rd2 {[%emt 0:0:22]} 61. Qxa3 {[%emt 0:0:8]} Rd3 {[%emt 0:0:0]} 62. Ke1 {[%emt 0:0:15]} Re3+ {[%emt 0:0:18]} 63. Kd2 {[%emt 0:0:5]} Rd3+ {[%emt 0:0:1]} 64. Kc2 {[%emt 0:0:2]} Ng4 {[%emt 0:0:9]} 65. Qe7 {[%emt 0:0:26]
} Ne3+ {[%emt 0:0:1]} 66. Kb2 {[%emt 0:0:2]} Nc4+ {[%emt 0:0:0]} 67. Kb3 {[%emt 0:0:8]} Ne3 {[%emt 0:0:2]} 68. Qg5+ {[%emt 0:0:15]} Kf7 {[%emt 0:0:1]} 69. Qh5+ {[%emt 0:0:5]} Kf6 {[%emt 0:0:5]} 70. Qh8+ {[%emt 0:0:4]
} Kf7 {[%emt 0:0:4]} 71. Kb4 {[%emt 0:0:2]} Ke6 {[%emt 0:0:0]} 72. Kc5 {[%emt 0:0:21]} Kf7 {[%emt 0:0:8]} 73. Qh7+ {[%emt 0:0:25]} Kf6 {[%emt 0:0:2]} 74. Qh8+ {[%emt 0:0:6]} Kg6 {[%emt 0:0:1]} 75. Kc6 {[%emt 0:0:7]
} Kf7 {[%emt 0:0:24]} 76. Nb5 {[%emt 0:0:8]} Nc4 77. Qh5+ {[%emt 0:0:9]
} Kf6 {[%emt 0:0:21]} 78. Qg5+ {[%emt 0:0:1]} Ke6 {[%emt 0:0:0]} 79. Qg8+ {[%emt 0:0:2]} 1-0

[Event "FIDE World Rapid-ch Open 2018"]
[White "Le, Quang Liem"]
[Black "Levin, Evgeny A."]
[Site "St. Petersburg"]
[Round "9.47"]
[Annotator "RC"]
[Result "0-1"]
[Date "2018.12.27"]
[WhiteElo "2714"]
[BlackElo "2516"]
[PlyCount "58"]
[TimeControl "900+10"]

1. e4 {[%emt 0:0:0]} e6 {[%emt 0:0:0]} 2. d4 {[%emt 0:0:0]} d5 {[%emt 0:0:0]} 3. Nc3 {[%emt 0:0:0]} Nf6 {[%emt 0:0:0]} 4. e5 {[%emt 0:0:0]} Nfd7 {[%emt 0:0:0]} 5. f4 {[%emt 0:0:0]} c5 {[%emt 0:0:0]} 6. Nf3 {[%emt 0:0:1]
} Nc6 {[%emt 0:0:0]} 7. Be3 {[%emt 0:0:1]} a6 {[%emt 0:0:2]
} 8. Qd2 {[%emt 0:0:8]} b5 {[%emt 0:0:1]} 9. Nd1 {[%emt 0:0:11]} b4 {[%emt 0:0:7]
} 10. c4 {[%emt 0:0:6]} cxd4 {[%emt 0:0:41]} 11. Nxd4 {[%emt 0:0:5]
} Nxd4 {[%emt 0:0:23]} 12. Bxd4 {[%emt 0:0:2]} dxc4 {[%emt 0:0:0]} 13. Bxc4 {[%emt 0:0:17]} Bb7 {[%emt 0:0:4]} 14. Ne3 {[%emt 0:0:46]} Be7 {[%emt 0:1:17]} 15. f5 {[%emt 0:1:28]} Bh4+ {[%emt 0:1:51]} 16. Ke2 {[%emt 0:0:2]
} 0-0 {[%emt 0:2:19]} 17. fxe6 {[%emt 0:1:57]} fxe6 {[%emt 0:0:0]} 18. Bxe6+ {[%emt 0:0:25]} Kh8 {[%emt 0:0:1]} 19. Rhf1 {[%emt 0:0:0]} Qe7 {[%emt 0:3:48]} 20. Bxd7 {[%emt 0:0:38]} Qxd7 {[%emt 0:0:2]} 21. Qxb4 {[%emt 0:0:2]} Rfd8 {[%emt 0:3:12]} 22. Rf4 {[%emt 0:5:26]} a5 {[%emt 0:0:47]
} 23. Qb6 {[%emt 0:2:1]} Ba6+ {[%emt 0:0:55]} 24. Kd2 {[%emt 0:0:17]
} Bg5 {[%emt 0:1:14]} 25. e6 {[%emt 0:1:44]} Qa4 {[%emt 0:0:0]} 26. Rg4 {[%emt 0:1:26]} Qc4 {[%emt 0:0:46]} 27. Re1 {[%emt 0:1:45]} Qd3+ {[%emt 0:0:27]} 28. Kc1 {[%emt 0:0:2]} Bxe3+ {[%emt 0:0:12]} 29. Bxe3 {[%emt 0:0:32]} Rac8+ {[%emt 0:0:1]} 0-1

[Event "FIDE World Rapid-ch Open 2018"]
[White "Tomashevsky, Evgeny"]
[Black "Gasanov, Eldar"]
[Site "St. Petersburg"]
[Round "9.48"]
[Annotator "ChessBase"]
[Result "1-0"]
[Date "2018.12.27"]
[WhiteElo "2705"]
[BlackElo "2499"]
[PlyCount "83"]
[TimeControl "900+10"]

1. c4 {[%emt 0:0:0]} e5 {[%emt 0:0:20]} 2. Nc3 {[%emt 0:0:0]} d6 {[%emt 0:0:0]} 3. Nf3 {[%emt 0:0:13]} f5 {[%emt 0:0:19]} 4. d4 {[%emt 0:0:3]} e4 {[%emt 0:0:8]
} 5. Ng5 {[%emt 0:0:2]} Be7 {[%emt 0:0:18]} 6. h4 {[%emt 0:0:0]} Nf6 {[%emt 0:0:26]} 7. e3 {[%emt 0:0:11]} c6 {[%emt 0:0:17]} 8. Be2 {[%emt 0:0:15]
} Na6 {[%emt 0:0:11]} 9. d5 {[%emt 0:0:8]} Nc7 {[%emt 0:0:25]
} 10. b3 {[%emt 0:5:9]} 0-0 {[%emt 0:2:48]} 11. Nh3 {[%emt 0:1:48]} Nd7 {[%emt 0:0:50]
} 12. g3 {[%emt 0:0:12]} Bf6 {[%emt 0:1:6]} 13. Bb2 {[%emt 0:0:0]} Ne5 {[%emt 0:0:31]} 14. Nf4 {[%emt 0:0:8]} g6 {[%emt 0:0:45]} 15. dxc6 bxc6 {[%emt 0:0:15]} 16. Kf1 {[%emt 0:0:36]} Ne6 {[%emt 0:0:46]} 17. Kg2 {[%emt 0:1:34]} Qe7 {[%emt 0:0:36]} 18. b4 {[%emt 0:1:14]} Rb8 {[%emt 0:0:0]} 19. b5 {[%emt 0:0:5]} Nxf4+ {[%emt 0:2:55]} 20. exf4 {[%emt 0:0:1]
} Nd7 {[%emt 0:0:42]} 21. Rb1 {[%emt 0:2:14]} Bb7 {[%emt 0:0:30]} 22. h5 {[%emt 0:0:49]
} Nb6 {[%emt 0:0:33]} 23. hxg6 {[%emt 0:1:13]} hxg6 {[%emt 0:0:0]} 24. a4 {[%emt 0:0:0]} cxb5 {[%emt 0:0:16]} 25. cxb5 {[%emt 0:0:10]} Rbc8 {[%emt 0:0:23]} 26. Rc1 {[%emt 0:1:2]} Qe6 {[%emt 0:0:21]} 27. Ba1 {[%emt 0:0:51]
} Kg7 {[%emt 0:0:28]} 28. g4 {[%emt 0:0:51]} e3+ {[%emt 0:0:0]} 29. Bf3 {[%emt 0:0:0]} Bxf3+ {[%emt 0:0:48]} 30. Qxf3 {[%emt 0:0:2]} fxg4 {[%emt 0:0:20]} 31. Qxe3 {[%emt 0:0:2]} Qb3 {[%emt 0:0:21]} 32. f5 {[%emt 0:0:30]
} Rh8 {[%emt 0:0:11]} 33. Rxh8 {[%emt 0:0:30]} Rxh8 {[%emt 0:0:0]} 34. Qe6 {[%emt 0:0:2]} Qxe6 {[%emt 0:0:10]} 35. fxe6 {[%emt 0:0:1]
} Re8 {[%emt 0:0:5]} 36. a5 {[%emt 0:0:9]} Nc4 {[%emt 0:0:17]} 37. Nd5 {[%emt 0:0:1]
} Bxa1 {[%emt 0:0:8]} 38. Rxc4 {[%emt 0:0:4]} Rxe6 {[%emt 0:0:0]} 39. Rc7+ {[%emt 0:0:26]} Kh6 {[%emt 0:0:2]} 40. Re7 {[%emt 0:0:33]} Rxe7 {[%emt 0:0:22]} 41. Nxe7 {[%emt 0:0:1]} Bc3 {[%emt 0:0:15]} 42. b6 {[%emt 0:0:8]
} 1-0

[Event "FIDE World Rapid-ch Open 2018"]
[White "Yilmaz, Mustafa"]
[Black "Jones, Gawain C B"]
[Site "St. Petersburg"]
[Round "9.49"]
[Annotator "ChessBase"]
[Result "1-0"]
[Date "2018.12.27"]
[WhiteElo "2636"]
[BlackElo "2682"]
[PlyCount "83"]
[TimeControl "900+10"]

1. d4 {[%emt 0:0:0]} Nf6 {[%emt 0:0:0]} 2. c4 {[%emt 0:0:0]} g6 {[%emt 0:0:0]} 3. Nc3 {[%emt 0:0:0]} Bg7 {[%emt 0:0:0]} 4. e4 {[%emt 0:0:0]} d6 {[%emt 0:0:0]} 5. Be2 {[%emt 0:0:3]} 0-0 {[%emt 0:0:0]} 6. Nf3 {[%emt 0:0:0]} Nbd7 {[%emt 0:0:0]} 7. 0-0 {[%emt 0:0:3]} e5 {[%emt 0:0:1]} 8. Be3 {[%emt 0:0:2]} Qe7 {[%emt 0:0:2]} 9. Qc2 {[%emt 0:0:16]} c6 {[%emt 0:0:0]} 10. d5 {[%emt 0:0:4]} c5 {[%emt 0:0:1]} 11. Bg5 {[%emt 0:0:2]} Kh8 {[%emt 0:0:8]} 12. a3 {[%emt 0:0:53]} Rg8 {[%emt 0:0:7]} 13. b4 {[%emt 0:0:33]
} Qf8 {[%emt 0:0:16]} 14. Rab1 {[%emt 0:2:27]} Ne8 {[%emt 0:0:0]} 15. Bc1 {[%emt 0:0:44]} Bh6 {[%emt 0:1:3]} 16. Ng5 {[%emt 0:0:42]} Bxg5 {[%emt 0:1:0]} 17. Bxg5 {[%emt 0:0:2]} f5 {[%emt 0:0:1]} 18. f4 {[%emt 0:0:26]
} h6 {[%emt 0:0:29]} 19. Bh4 {[%emt 0:2:17]} g5 {[%emt 0:0:37]
} 20. fxg5 {[%emt 0:3:42]} f4 {[%emt 0:0:2]} 21. gxh6 {[%emt 0:0:4]} Qxh6 {[%emt 0:0:48]} 22. Be1 {[%emt 0:0:1]} Ndf6 {[%emt 0:0:50]} 23. Rb3 {[%emt 0:1:7]
} Bh3 {[%emt 0:3:39]} 24. Rf2 {[%emt 0:0:16]} Qg7 {[%emt 0:0:0]} 25. Bf3 {[%emt 0:0:23]} Ng4 {[%emt 0:0:2]} 26. Bxg4 {[%emt 0:1:5]} Qxg4 {[%emt 0:0:19]} 27. bxc5 {[%emt 0:0:42]} dxc5 {[%emt 0:0:45]} 28. Qe2 {[%emt 0:0:30]
} Nd6 {[%emt 0:1:10]} 29. Nb5 {[%emt 0:0:42]} Nxc4 {[%emt 0:0:0]} 30. Rxh3+ {[%emt 0:0:59]} Qxh3 {[%emt 0:0:2]} 31. Qxc4 {[%emt 0:0:1]} Rg7 {[%emt 0:2:16]} 32. Kh1 {[%emt 0:0:43]} Rag8 {[%emt 0:0:3]} 33. Qf1 {[%emt 0:0:11]
} Qh7 {[%emt 0:1:8]} 34. Nd6 {[%emt 0:0:12]} Rg5 {[%emt 0:0:0]} 35. Bc3 {[%emt 0:1:5]} Rh5 {[%emt 0:0:13]} 36. h3 {[%emt 0:0:8]} Rg3 {[%emt 0:1:12]} 37. Rf3 {[%emt 0:0:1]} Qg6 {[%emt 0:1:5]} 38. Rxg3 {[%emt 0:0:13]
} fxg3 {[%emt 0:0:12]} 39. Qf8+ {[%emt 0:0:24]} Kh7 {[%emt 0:0:0]} 40. Nf5 {[%emt 0:0:4]} Rg5 {[%emt 0:0:28]} 41. Bxe5 {[%emt 0:0:11]} Qg8 {[%emt 0:0:6]} 42. Qh6# 1-0

[Event "FIDE World Rapid-ch Open 2018"]
[White "Popov, Valerij"]
[Black "Najer, Evgeniy"]
[Site "St. Petersburg"]
[Round "9.50"]
[Annotator "ChessBase"]
[Result "1/2-1/2"]
[Date "2018.12.27"]
[WhiteElo "2532"]
[BlackElo "2670"]
[PlyCount "121"]
[TimeControl "900+10"]

1. Nf3 {[%emt 0:0:0]} d5 {[%emt 0:0:0]} 2. d4 {[%emt 0:0:0]} Nf6 {[%emt 0:0:0]
} 3. c4 {[%emt 0:0:0]} e6 {[%emt 0:0:10]} 4. e3 {[%emt 0:0:0]} b6 {[%emt 0:0:23]} 5. cxd5 {[%emt 0:0:27]} exd5 {[%emt 0:0:3]} 6. Bd3 {[%emt 0:0:14]} Bd6 {[%emt 0:0:18]} 7. b3 {[%emt 0:0:47]} 0-0 {[%emt 0:0:0]} 8. Ba3 {[%emt 0:0:3]} c5 {[%emt 0:0:27]} 9. 0-0 {[%emt 0:0:36]} Bb7 {[%emt 0:0:27]
} 10. Nc3 {[%emt 0:0:54]} Nbd7 {[%emt 0:0:5]} 11. Rc1 {[%emt 0:0:35]
} Rc8 {[%emt 0:0:4]} 12. Qe2 {[%emt 0:0:28]} Re8 {[%emt 0:0:0]} 13. Ba6 {[%emt 0:1:16]} Bxa6 {[%emt 0:2:27]} 14. Qxa6 {[%emt 0:0:2]} Bf8 {[%emt 0:0:3]} 15. Na4 {[%emt 0:1:1]} Re6 {[%emt 0:2:47]} 16. Qb5 {[%emt 0:1:15]
} Rc7 {[%emt 0:2:52]} 17. dxc5 {[%emt 0:1:17]} bxc5 {[%emt 0:0:0]} 18. Nxc5 {[%emt 0:0:35]} Nxc5 {[%emt 0:2:23]} 19. Bxc5 {[%emt 0:0:0]} Qc8 {[%emt 0:0:7]} 20. b4 {[%emt 0:0:6]} Ne4 {[%emt 0:0:36]} 21. Rfd1 {[%emt 0:0:55]} Rg6 {[%emt 0:0:47]} 22. Ne1 {[%emt 0:1:23]} Qf5 {[%emt 0:0:0]} 23. Qe2 {[%emt 0:2:8]} Nxc5 {[%emt 0:1:40]} 24. bxc5 {[%emt 0:0:3]} Rxc5 {[%emt 0:0:15]} 25. Rxc5 {[%emt 0:0:12]} Bxc5 {[%emt 0:0:1]} 26. Qb5 {[%emt 0:3:26]
} Bf8 {[%emt 0:0:7]} 27. Rxd5 {[%emt 0:0:11]} Qc8 {[%emt 0:0:0]} 28. Qb3 {[%emt 0:0:26]} Rb6 {[%emt 0:0:12]} 29. Qd1 {[%emt 0:0:4]} g6 {[%emt 0:0:27]} 30. g3 {[%emt 0:0:10]} Qc4 {[%emt 0:0:11]} 31. Rd2 {[%emt 0:0:0]} Qe4 {[%emt 0:0:11]} 32. Nd3 {[%emt 0:0:13]} h5 {[%emt 0:0:8]} 33. Qe2 {[%emt 0:0:17]} h4 {[%emt 0:0:10]} 34. f3 {[%emt 0:0:5]} Qa4 {[%emt 0:0:0]} 35. Kg2 {[%emt 0:0:6]} Rb1 {[%emt 0:0:4]} 36. g4 {[%emt 0:0:23]} Ra1 {[%emt 0:0:5]} 37. Rc2 {[%emt 0:0:10]} Qa3 {[%emt 0:0:23]} 38. Nf2 {[%emt 0:0:9]
} Qb4 {[%emt 0:0:6]} 39. Rb2 {[%emt 0:0:6]} Qc3 {[%emt 0:0:0]} 40. Qd2 {[%emt 0:0:4]} Qxd2 {[%emt 0:0:18]} 41. Rxd2 {[%emt 0:0:1]} Re1 {[%emt 0:0:3]} 42. Nd1 {[%emt 0:0:48]} Bb4 {[%emt 0:0:9]} 43. Rd4 {[%emt 0:0:18]
} Bc5 {[%emt 0:0:18]} 44. Kf2 {[%emt 0:0:5]} Rh1 {[%emt 0:0:0]} 45. Kg2 {[%emt 0:0:12]} Re1 {[%emt 0:0:2]} 46. Kf2 {[%emt 0:0:2]} Rh1 {[%emt 0:0:3]} 47. Kg2 {[%emt 0:0:7]} Re1 {[%emt 0:0:4]} 48. Rd5 {[%emt 0:0:10]
} Re2+ {[%emt 0:0:32]} 49. Kh3 {[%emt 0:0:4]} Bb6 {[%emt 0:0:0]} 50. a3 {[%emt 0:0:20]} Kg7 {[%emt 0:0:7]} 51. f4 {[%emt 0:0:11]} Ra2 {[%emt 0:0:23]
} 52. Rd3 {[%emt 0:0:2]} Bc5 {[%emt 0:0:3]} 53. a4 {[%emt 0:0:0]} Rxa4 {[%emt 0:0:13]} 54. Kxh4 {[%emt 0:0:1]} a5 {[%emt 0:0:3]} 55. g5 {[%emt 0:0:13]} Rc4 {[%emt 0:0:10]} 56. Nf2 {[%emt 0:0:21]} a4 {[%emt 0:0:0]} 57. Ng4 {[%emt 0:0:4]} a3 {[%emt 0:0:7]} 58. Rd8 {[%emt 0:0:8]} Ra4 {[%emt 0:0:28]} 59. Nf6 {[%emt 0:0:2]} Bf8 {[%emt 0:0:1]} 60. Ne8+ {[%emt 0:0:1]
} Kg8 {[%emt 0:0:6]} 61. Nf6+ {[%emt 0:0:2]} 1/2-1/2

[Event "FIDE World Rapid-ch Open 2018"]
[White "Zhigalko, Andrey"]
[Black "Demchenko, Anton"]
[Site "St. Petersburg"]
[Round "9.51"]
[Annotator "ChessBase"]
[Result "1/2-1/2"]
[Date "2018.12.27"]
[WhiteElo "2545"]
[BlackElo "2679"]
[PlyCount "102"]
[TimeControl "900+10"]

1. e4 {[%emt 0:0:0]} c5 {[%emt 0:0:0]} 2. Nf3 {[%emt 0:0:0]} d6 {[%emt 0:0:0]} 3. d4 {[%emt 0:0:0]} cxd4 {[%emt 0:0:2]} 4. Qxd4 {[%emt 0:0:0]} Nc6 {[%emt 0:0:21]} 5. Bb5 {[%emt 0:0:1]} a6 {[%emt 0:0:2]} 6. Bxc6+ {[%emt 0:0:6]
} bxc6 {[%emt 0:0:0]} 7. 0-0 {[%emt 0:1:29]} e5 {[%emt 0:0:0]} 8. Qd3 {[%emt 0:0:45]} Ne7 {[%emt 0:0:25]} 9. Rd1 {[%emt 0:2:23]} Ng6 {[%emt 0:0:6]
} 10. Na3 {[%emt 0:0:52]} f6 {[%emt 0:1:15]} 11. Be3 {[%emt 0:0:0]} Rb8 {[%emt 0:3:22]} 12. Nc4 {[%emt 0:1:47]} d5 {[%emt 0:0:17]} 13. exd5 {[%emt 0:0:9]} cxd5 {[%emt 0:0:2]} 14. Qxd5 {[%emt 0:0:15]} Qxd5 {[%emt 0:0:2]
} 15. Rxd5 {[%emt 0:0:2]} Be6 {[%emt 0:7:6]} 16. Nd6+ {[%emt 0:0:2]
} Kd7 {[%emt 0:0:0]} 17. Rd3 {[%emt 0:2:0]} Bxd6 {[%emt 0:0:0]} 18. Rad1 {[%emt 0:0:2]} Ke7 {[%emt 0:0:4]} 19. Rxd6 {[%emt 0:0:5]} Rxb2 {[%emt 0:0:14]} 20. Rxa6 {[%emt 0:1:9]} Rhb8 {[%emt 0:0:13]} 21. Ra7+ {[%emt 0:0:38]} Kf8 {[%emt 0:0:1]} 22. h3 {[%emt 0:0:58]} Rxa2 {[%emt 0:0:0]} 23. Rc7 {[%emt 0:0:34]} Raa8 {[%emt 0:1:17]} 24. Rd6 {[%emt 0:0:35]} Re8 {[%emt 0:0:4]} 25. Rb6 {[%emt 0:0:49]} Rec8 {[%emt 0:0:57]} 26. Rbb7 {[%emt 0:0:23]
} Rxc7 {[%emt 0:0:4]} 27. Rxc7 {[%emt 0:0:1]} Rc8 {[%emt 0:0:0]} 28. Rxc8+ {[%emt 0:0:35]} Bxc8 {[%emt 0:0:1]} 29. Kf1 {[%emt 0:0:0]} Kf7 {[%emt 0:0:2]} 30. Ke2 {[%emt 0:0:12]} Ba6+ {[%emt 0:0:1]} 31. Ke1 {[%emt 0:0:45]} Ke6 {[%emt 0:0:2]} 32. g3 {[%emt 0:0:19]} Ne7 {[%emt 0:0:0]} 33. Nd2 {[%emt 0:0:13]} Kd5 {[%emt 0:0:3]} 34. f3 {[%emt 0:0:10]} Nc6 {[%emt 0:0:10]} 35. c3 {[%emt 0:0:11]} Bd3 {[%emt 0:0:12]} 36. Kf2 {[%emt 0:0:9]
} Nd8 {[%emt 0:0:53]} 37. f4 {[%emt 0:0:11]} Ne6 {[%emt 0:0:0]} 38. fxe5 {[%emt 0:0:1]} fxe5 {[%emt 0:0:1]} 39. Kf3 {[%emt 0:0:11]} Bc2 {[%emt 0:0:37]} 40. g4 {[%emt 0:0:12]} Bd1+ {[%emt 0:0:16]} 41. Kg3 {[%emt 0:0:6]
} Be2 {[%emt 0:0:2]} 42. Kf2 {[%emt 0:0:11]} Ba6 {[%emt 0:0:0]} 43. Kf3 {[%emt 0:0:14]} Bd3 {[%emt 0:0:12]} 44. Kg3 {[%emt 0:0:14]} h6 {[%emt 0:0:6]} 45. Kf3 {[%emt 0:0:12]} g5 {[%emt 0:0:25]} 46. h4 {[%emt 0:0:0]} Nf4 {[%emt 0:0:37]} 47. hxg5 {[%emt 0:0:3]} hxg5 {[%emt 0:0:1]} 48. c4+ {[%emt 0:0:9]} Kc6 {[%emt 0:0:37]} 49. Ne4 {[%emt 0:0:7]} Be2+ {[%emt 0:0:9]
} 50. Kg3 {[%emt 0:0:16]} Ne6 {[%emt 0:0:15]} 51. Nxg5 {[%emt 0:0:14]
} Nxg5 {[%emt 0:0:2]} 1/2-1/2

[Event "FIDE World Rapid-ch Open 2018"]
[White "Carlsson, Pontus"]
[Black "Ponkratov, Pavel"]
[Site "St. Petersburg"]
[Round "9.52"]
[Annotator "ChessBase"]
[Result "0-1"]
[Date "2018.12.27"]
[WhiteElo "2463"]
[BlackElo "2630"]
[PlyCount "70"]
[TimeControl "900+10"]

1. e4 {[%emt 0:2:17]} c5 {[%emt 0:0:0]} 2. Nf3 {[%emt 0:0:3]} b6 {[%emt 0:0:0]} 3. d4 {[%emt 0:0:12]} cxd4 {[%emt 0:0:2]} 4. Nxd4 {[%emt 0:0:2]} Bb7 {[%emt 0:0:1]} 5. Nc3 {[%emt 0:0:47]} a6 {[%emt 0:0:1]} 6. Bg5 {[%emt 0:0:8]
} Qc7 {[%emt 0:0:1]} 7. Qd2 {[%emt 0:1:1]} Nf6 {[%emt 0:0:0]} 8. f3 {[%emt 0:1:6]} e6 {[%emt 0:0:2]} 9. 0-0-0 {[%emt 0:0:10]} Bb4 {[%emt 0:0:2]
} 10. Nde2 {[%emt 0:1:22]} Nc6 {[%emt 0:0:2]} 11. a3 {[%emt 0:0:0]} Be7 {[%emt 0:0:1]} 12. Bf4 {[%emt 0:2:45]} Ne5 {[%emt 0:0:12]} 13. Qd4 {[%emt 0:0:43]} d6 {[%emt 0:0:1]} 14. Ng3 {[%emt 0:0:37]} 0-0 {[%emt 0:0:0]} 15. Be3 {[%emt 0:0:30]} b5 {[%emt 0:0:4]} 16. Qb6 {[%emt 0:0:18]} Qb8 {[%emt 0:0:21]} 17. Be2 {[%emt 0:0:48]} Rc8 {[%emt 0:0:3]} 18. Qd4 {[%emt 0:1:12]
} Nc6 {[%emt 0:0:14]} 19. Qd2 {[%emt 0:0:7]} b4 {[%emt 0:0:0]} 20. axb4 {[%emt 0:0:11]} Nxb4 {[%emt 0:0:1]} 21. Kb1 {[%emt 0:0:41]} Bc6 {[%emt 0:0:18]} 22. Bf4 {[%emt 0:0:51]} Rd8 {[%emt 0:0:56]} 23. Bc4 {[%emt 0:0:12]
} Qb7 {[%emt 0:0:5]} 24. Qe2 {[%emt 0:0:19]} Rab8 {[%emt 0:0:0]} 25. Bc1 {[%emt 0:0:4]} Rdc8 {[%emt 0:0:28]} 26. Rhe1 {[%emt 0:0:33]} Bb5 {[%emt 0:0:38]} 27. Rd4 {[%emt 0:0:54]} Nxc2 {[%emt 0:0:32]} 28. Nxb5 {[%emt 0:0:21]
} axb5 {[%emt 0:1:19]} 29. Qxc2 {[%emt 0:0:3]} Qa7 {[%emt 0:0:0]} 30. Be3 {[%emt 0:0:40]} Ra8 {[%emt 0:0:11]} 31. Kc1 {[%emt 0:0:4]} d5 {[%emt 0:0:31]} 32. exd5 {[%emt 0:0:20]} Bc5 {[%emt 0:0:35]} 33. Rd3 {[%emt 0:0:50]
} bxc4 {[%emt 0:0:2]} 34. Rc3 {[%emt 0:0:4]} Nxd5 {[%emt 0:0:0]} 35. Bxc5 {[%emt 0:0:8]} Qxc5 {[%emt 0:0:3]} 0-1

[Event "FIDE World Rapid-ch Open 2018"]
[White "Amin, Bassem"]
[Black "Sychev, Klementy"]
[Site "St. Petersburg"]
[Round "9.53"]
[Annotator "RC"]
[Result "1/2-1/2"]
[Date "2018.12.27"]
[WhiteElo "2710"]
[BlackElo "2537"]
[PlyCount "151"]
[TimeControl "900+10"]

1. e4 {[%emt 0:0:0]} e5 {[%emt 0:0:0]} 2. Nf3 {[%emt 0:0:0]} Nc6 {[%emt 0:0:0]
} 3. Bc4 {[%emt 0:0:3]} Nf6 {[%emt 0:0:2]} 4. d3 {[%emt 0:0:0]} Bc5 {[%emt 0:0:1]} 5. 0-0 {[%emt 0:0:3]} 0-0 {[%emt 0:0:3]} 6. h3 {[%emt 0:0:2]
} h6 {[%emt 0:1:35]} 7. c3 {[%emt 0:0:22]} d6 {[%emt 0:0:1]} 8. Re1 {[%emt 0:0:11]} Bb6 {[%emt 0:0:9]} 9. a4 {[%emt 0:0:15]} a5 {[%emt 0:1:29]
} 10. Bb3 {[%emt 0:2:13]} Ne7 {[%emt 0:1:16]} 11. d4 {[%emt 0:0:0]} Ng6 {[%emt 0:0:23]} 12. Nbd2 {[%emt 0:0:10]} c6 {[%emt 0:1:11]} 13. Bc2 {[%emt 0:0:19]} Re8 {[%emt 0:1:4]} 14. Nf1 {[%emt 0:3:6]} d5 {[%emt 0:0:0]} 15. Ng3 {[%emt 0:0:48]} dxe4 {[%emt 0:2:24]} 16. Nxe4 {[%emt 0:0:12]
} Nxe4 {[%emt 0:0:7]} 17. Bxe4 {[%emt 0:0:10]} f5 {[%emt 0:0:39]} 18. Bc2 {[%emt 0:0:20]
} e4 {[%emt 0:0:1]} 19. Nh2 {[%emt 0:0:25]} Bc7 {[%emt 0:0:0]} 20. Nf1 {[%emt 0:0:42]} Nf4 {[%emt 0:2:8]} 21. f3 {[%emt 0:1:13]} Qg5 22. Bxf4 {[%emt 0:1:32]} Bxf4 {[%emt 0:2:27]} 23. fxe4 {[%emt 0:0:24]} fxe4 {[%emt 0:0:2]} 24. Rxe4 {[%emt 0:0:24]} Bxh3 {[%emt 0:0:9]} 25. Qf3 {[%emt 0:0:29]
} Rxe4 {[%emt 0:0:43]} 26. Qxe4 {[%emt 0:0:5]} Rf8 {[%emt 0:0:0]} 27. Re1 {[%emt 0:1:43]} Bf5 {[%emt 0:0:20]} 28. Qe2 {[%emt 0:0:5]} Bg4 {[%emt 0:0:31]} 29. Qd3 {[%emt 0:0:4]} Bf5 {[%emt 0:0:5]} 30. Qc4+ {[%emt 0:0:8]
} Kh7 {[%emt 0:0:23]} 31. Bxf5+ {[%emt 0:0:8]} Qxf5 {[%emt 0:0:0]} 32. Qe6 {[%emt 0:0:26]} Qxe6 {[%emt 0:0:29]} 33. Rxe6 {[%emt 0:0:2]
} Bc1 {[%emt 0:0:10]} 34. Re2 {[%emt 0:0:13]} Kg6 {[%emt 0:0:14]} 35. Ng3 {[%emt 0:0:2]
} Bf4 {[%emt 0:0:9]} 36. Ne4 {[%emt 0:0:16]} Re8 {[%emt 0:0:0]} 37. Kf2 {[%emt 0:0:2]} Bc1 {[%emt 0:0:5]} 38. b3 {[%emt 0:0:22]} Rf8+ {[%emt 0:0:6]} 39. Ke1 {[%emt 0:0:4]} Ba3 {[%emt 0:0:2]} 40. Nd2 {[%emt 0:0:18]
} Bb2 {[%emt 0:0:20]} 41. Re3 {[%emt 0:0:3]} b5 {[%emt 0:0:0]} 42. Nf3 {[%emt 0:0:7]} bxa4 {[%emt 0:0:22]} 43. bxa4 {[%emt 0:0:1]} Rf6 {[%emt 0:0:0]} 44. Kd2 {[%emt 0:0:29]} Ba3 {[%emt 0:0:5]} 45. Re5 {[%emt 0:0:1]
} c5 {[%emt 0:0:13]} 46. dxc5 {[%emt 0:3:34]} Rc6 {[%emt 0:0:0]} 47. Kd3 {[%emt 0:0:45]} Bxc5 {[%emt 0:0:12]} 48. Rd5 {[%emt 0:0:1]} Rc7 {[%emt 0:0:30]} 49. Ne5+ {[%emt 0:0:7]} Kf5 {[%emt 0:0:13]} 50. Nc6+ {[%emt 0:0:13]
} Ke6 {[%emt 0:0:0]} 51. Rxc5 Kd6 52. Rxa5 {[%emt 0:0:15]} Kxc6 {[%emt 0:0:7]} 53. Re5 {[%emt 0:0:23]} Rf7 {[%emt 0:0:6]} 54. Kc4 {[%emt 0:0:8]
} Rf4+ {[%emt 0:0:10]} 55. Kb3 {[%emt 0:0:1]} Rg4 {[%emt 0:0:0]} 56. Re2 {[%emt 0:0:8]} Kc5 {[%emt 0:0:4]} 57. a5 {[%emt 0:0:14]} Kb5 {[%emt 0:0:2]} 58. Ra2 {[%emt 0:0:1]} Ka6 {[%emt 0:0:7]} 59. c4 {[%emt 0:0:0]} h5 {[%emt 0:0:36]} 60. Kb4 {[%emt 0:0:17]} h4 {[%emt 0:0:4]} 61. Re2 {[%emt 0:0:3]} g5 {[%emt 0:0:13]} 62. Kc5 {[%emt 0:0:27]} Rg3 {[%emt 0:0:0]} 63. Rf2 {[%emt 0:0:18]} g4 {[%emt 0:0:5]} 64. Rf6+ {[%emt 0:0:3]} Ka7 {[%emt 0:0:1]} 65. Rh6 {[%emt 0:0:2]} Rxg2 {[%emt 0:0:45]} 66. Rxh4 {[%emt 0:0:2]
} g3 {[%emt 0:0:1]} 67. Rg4 {[%emt 0:0:4]} Rg1 {[%emt 0:0:0]} 68. Rg7+ {[%emt 0:0:15]} Ka6 {[%emt 0:0:4]} 69. Kc6 {[%emt 0:0:24]} g2 {[%emt 0:0:8]} 70. c5 {[%emt 0:0:3]} Kxa5 {[%emt 0:0:7]} 71. Rg4 {[%emt 0:0:2]
} Rh1 {[%emt 0:0:19]} 72. Rxg2 {[%emt 0:0:1]} Rh6+ {[%emt 0:0:0]} 73. Kb7 {[%emt 0:0:14]} Rh7+ {[%emt 0:0:14]} 74. Kc6 {[%emt 0:0:31]} Rh6+ {[%emt 0:0:1]} 75. Kd5 {[%emt 0:0:12]} Rh5+ {[%emt 0:0:2]} 76. Ke4 1/2-1/2